Príjmy oslobodené od dane z príjmov fyzických osôb
Príjmy oslobodené od dane z príjmov fyzických osôb : príjmy sociálneho charakteru a ostatné príjmy, v súlade s ustanoveniami par. 4, par. 6 ods. 8 a par. 10 ods. 2 zákona č. 366/1999 Z.z. Riešenie príkladov z praxe.
Guardado en:
| Formato: | Capítulo de libro |
|---|---|
| Lenguaje: | eslovaco |
| Materias: | |
| Etiquetas: |
Sin Etiquetas, Sea el primero en etiquetar este registro!
|
MARC
| LEADER | 00000naa a2200000 4500 | ||
|---|---|---|---|
| 001 | r048983 | ||
| 005 | 20231003105014.8 | ||
| 041 | 0 | |a slo | |
| 044 | |a SK | ||
| 245 | 1 | 0 | |a Príjmy oslobodené od dane z príjmov fyzických osôb |
| 520 | |a Príjmy oslobodené od dane z príjmov fyzických osôb : príjmy sociálneho charakteru a ostatné príjmy, v súlade s ustanoveniami par. 4, par. 6 ods. 8 a par. 10 ods. 2 zákona č. 366/1999 Z.z. Riešenie príkladov z praxe. | ||
| 610 | 2 | 0 | |a dane z príjmov |
| 610 | 2 | 0 | |a oslobodenie od daní |
| 610 | 2 | 0 | |a osoby fyzické |